[Event "Porz op29"]
[Site "Porz"]
[Date "1993.??.??"]
[Round "2"]
[White "Scharfenberg, Michael"]
[Black "Gutt, Oswald"]
[Result "0-1"]
[WhiteElo "1625"]
[BlackElo "1875"]

1.e4 c5 2.Nf3 e6 3.Nc3 Nc6 4.d4 cxd4 5.Nxd4 Qc7 6.Be3 a6 7.Qd2 Nf6 8.Be2 Bb4
9.f3 O-O 10.a3 Be7 11.O-O-O b5 12.g4 d6 13.h4 Bb7 14.h5 Nxd4 15.Bxd4 Rfc8
16.g5 Ne8 17.g6 fxg6 18.hxg6 Nf6 19.gxh7+ Kh8 20.Rdg1 e5 21.Bf2 d5 22.Nxd5 Bxd5
23.exd5 Nxd5 24.Bd1 Nf4 25.Bg3 Rd8 26.Qe3 Rac8 27.Rh2 Bc5 28.Qe1 Bxg1 29.Qxg1 Qc4
30.c3 a5 31.Bxf4 Qxf4+ 32.Kc2 b4  0-1

[Event "Porz Citroen-Cup"]
[Site "Porz"]
[Date "1993.??.??"]
[Round "5"]
[White "Seul, Georg"]
[Black "Teske, Henrik"]
[Result "1/2-1/2"]
[WhiteElo "2425"]
[BlackElo "2475"]

1.e4 c5 2.Nf3 e6 3.d4 cxd4 4.Nxd4 Nc6 5.Nc3 Qc7 6.Be2 a6 7.O-O Nf6 8.Kh1 Nxd4
9.Qxd4 Bc5 10.Qd3 h5 11.f4 Ng4 12.e5 d5 13.exd6 Qxd6 14.Qxd6 Bxd6 15.Ne4 Be7
16.Bf3 Bd7 17.Bd2 Bb5 18.Rfe1 Bc6 19.Ng5 Rc8 20.Bc3 Bf6 21.Bxf6 gxf6 22.Bxc6+ Rxc6
23.Ne4 f5 24.Nc3 Ke7 25.Re2 Rhc8 26.Rd1 Nf6 27.Rd4 b5 28.a4 Rc4 29.Rxc4 Rxc4
30.axb5 axb5 31.g3 b4 32.Nd1 b3 33.c3 Ra4 34.Kg2 Ra1 35.Nf2 Nd5 36.Nd3 Kd6
37.Ne5 f6 38.Nf3 e5 39.fxe5+ fxe5 40.Nxe5 Ra2  1/2-1/2

[Event "Prague"]
[Site "Prague"]
[Date "1993.??.??"]
[Round "6"]
[White "David, Alberto"]
[Black "Taimanov, Mark E"]
[Result "1-0"]
[WhiteElo "2380"]
[BlackElo "2500"]

1.e4 c5 2.Nf3 e6 3.d4 cxd4 4.Nxd4 Nc6 5.Nc3 a6 6.Nxc6 bxc6 7.Bd3 d5 8.O-O Nf6
9.Qe2 Be7 10.b3 O-O 11.Bb2 Nd7 12.Na4 Bf6 13.e5 Be7 14.c4 a5 15.cxd5 cxd5
16.Rac1 Nb6 17.Nc5 a4 18.Bd4 axb3 19.axb3 Rb8 20.Rc3 Nd7 21.Bxh7+ Kxh7 22.Qh5+ Kg8
23.Rh3 f6 24.Nxe6 Qe8 25.Qh7+ Kf7 26.Nxg7  1-0

[Event "CRO-Cup"]
[Site "Pula"]
[Date "1993.??.??"]
[Round "4"]
[White "Zelcic, Robert"]
[Black "Cebalo, Miso"]
[Result "1-0"]
[WhiteElo "2450"]
[BlackElo "2485"]

1.e4 c5 2.Nf3 e6 3.d4 cxd4 4.Nxd4 Nc6 5.Nc3 d6 6.Be2 Nf6 7.O-O Be7 8.Kh1 Bd7
9.Ndb5 Qb8 10.Bf4 Ne5 11.Bg5 a6 12.Bxf6 gxf6 13.Nd4 Nc6 14.f4 Nxd4 15.Qxd4 Qa7
16.Qd3 Qc5 17.Rad1 Bc6 18.a3 Rc8 19.Qg3 Rf8 20.Qh3 b5 21.Rd2 Bb7 22.Bd3 b4
23.Ne2 bxa3 24.bxa3 Bc6 25.Rdd1 Kd7 26.Ng3 a5 27.f5 e5 28.Qh6 Kc7 29.Nh5 d5
30.Rde1 d4 31.a4 Qd6 32.Rb1 Rb8 33.Rxb8 Rxb8 34.Qxh7 Bxa4 35.Qxf7 Be8 36.Qc4+ Qc6
37.Ng7 Qxc4 38.Nxe8+ Rxe8 39.Bxc4 Rb8 40.g4 Rb2 41.Bd3 a4 42.Kg2 a3 43.h4 a2
44.Ra1 Kb6 45.Kf3 Kc5 46.Ke2 Kb4 47.Kd2 Bd8 48.Ba6 Ba5 49.Kd3 Kc5 50.g5 fxg5
51.hxg5 Bc3 52.f6 Kd6 53.g6 Ke6 54.g7 Rb8 55.Rf1  1-0

[Event "CRO-Cup"]
[Site "Pula"]
[Date "1993.??.??"]
[Round "9"]
[White "Lanka, Zigurds"]
[Black "Begovac, Franja"]
[Result "1/2-1/2"]
[WhiteElo "2545"]
[BlackElo "2405"]

1.e4 c5 2.Nf3 e6 3.d4 cxd4 4.Nxd4 Nc6 5.Nc3 a6 6.Be2 Qc7 7.O-O Nf6 8.Be3 Bb4
9.Na4 Be7 10.Nxc6 bxc6 11.Nb6 Rb8 12.Nxc8 Qxc8 13.e5 Nd5 14.Bc1 Bc5 15.c4 Ne7
16.b3 Qc7 17.Bb2 O-O 18.Bd3 d6 19.exd6 Bxd6 20.Qh5 Ng6 21.c5 Qa5 22.g3 Rfd8
23.Qe2 Qxc5 24.Bxa6 Qg5 25.Rfd1 h5 26.Bd3 h4 27.Bxg6 Qxg6 28.Qf3 hxg3 29.hxg3 Bc5
30.Be5 Rbc8 31.Kg2 Rd5 32.Rxd5 exd5 33.Rc1 Ba3 34.Rh1 Re8 35.Bc3 Bc5 36.Rh4 Re4
37.Rxe4 dxe4 38.Qe2 e3 39.f3 Qb1 40.Be1 Bd4 41.g4 Qc1  1/2-1/2

[Event "Reykjavik op"]
[Site "Reykjavik"]
[Date "1993.??.??"]
[Round "6"]
[White "Hansson, Dan"]
[Black "Pliester, Leon"]
[Result "0-1"]
[WhiteElo "2250"]
[BlackElo "2385"]

1.e4 c5 2.Nf3 e6 3.d4 cxd4 4.Nxd4 Nc6 5.Nc3 a6 6.g3 Qc7 7.Bg2 Nf6 8.O-O Nxd4
9.Qxd4 Bc5 10.Bf4 d6 11.Qd3 h6 12.Na4 e5 13.Nxc5 exf4 14.Nb3 fxg3 15.hxg3 O-O
16.Rfd1 Rd8 17.Rd2 Be6 18.Nd4 Bg4 19.c4 Nd7 20.Qf1 Ne5 21.f3 Bd7 22.b3 Rac8
23.Rad1 Qa5 24.Bh3 Bxh3 25.Qxh3 b5 26.f4 Ng6 27.cxb5 axb5 28.Qf5 Rc1 29.Kg2 Rxd1
30.Rxd1 Qxa2+ 31.Kh3 b4 32.Nc6 Qxb3 33.Nxd8 Qxd1 34.Qxf7+ Kh7 35.Ne6 Qh5+
36.Kg2 Nh4+  0-1

[Event "Reykjavik op"]
[Site "Reykjavik"]
[Date "1993.??.??"]
[Round "6"]
[White "Kristensen, Bjarke"]
[Black "Schlosser, Philipp"]
[Result "1-0"]
[WhiteElo "2445"]
[BlackElo "2520"]

1.e4 c5 2.Nf3 e6 3.d4 cxd4 4.Nxd4 Nc6 5.Nc3 Qc7 6.g3 a6 7.Bg2 Nf6 8.O-O Be7
9.Be3 O-O 10.Qe2 d6 11.Nxc6 bxc6 12.f4 Rb8 13.g4 Rxb2 14.g5 Nd7 15.Nd1 Rb8
16.Nf2 f6 17.h4 Rf7 18.c4 a5 19.Rac1 Nc5 20.Bxc5 dxc5 21.e5 fxg5 22.fxg5 Bd7
23.Be4 Rbf8 24.Bxh7+  1-0

[Event "Reykjavik op"]
[Site "Reykjavik"]
[Date "1993.??.??"]
[Round "8"]
[White "Thorhallsson, Throstur"]
[Black "Schlosser, Philipp"]
[Result "1/2-1/2"]
[WhiteElo "2430"]
[BlackElo "2520"]

1.e4 c5 2.Nf3 e6 3.d4 cxd4 4.Nxd4 Nc6 5.Nc3 Qc7 6.Be2 a6 7.f4 Nxd4 8.Qxd4 b5
9.Be3 Bb7 10.O-O Rc8 11.Kh1 Nf6 12.Bf3 Bc5 13.Qxc5 Qxc5 14.Bxc5 Rxc5 15.e5 Bxf3
16.Rxf3 Nd5 17.Nxd5 Rxd5 18.Rd3 Rxd3 19.cxd3 Ke7 20.Rc1 f6 21.g3 fxe5 22.fxe5 Rb8
23.Kg2 b4 24.Rc5 Rb5 25.Rxb5 axb5 26.Kf3 Kd8 27.Ke4 Kc7 28.h4 g6 29.Kf4 h6
30.Ke4 Kc6 31.d4 Kb6 32.Kd3 Kc6 33.Ke4 Kb6 34.Kd3 Kc6 35.Ke4  1/2-1/2

[Event "ROM-chT"]
[Site "ROM"]
[Date "1993.??.??"]
[Round "4"]
[White "Ionescu, Doru Alexandru"]
[Black "Miulescu, Gabriel"]
[Result "1/2-1/2"]
[WhiteElo "2225"]
[BlackElo "2355"]

1.e4 c5 2.Nf3 e6 3.d4 cxd4 4.Nxd4 Nc6 5.Nc3 a6 6.Be3 Qc7 7.Be2 Nf6 8.O-O Be7
9.f4 d6 10.a4 O-O 11.Kh1 Bd7 12.Qe1 Nxd4 13.Bxd4 Bc6 14.Qg3 b5 15.axb5 axb5
16.Rxa8 Rxa8 17.Bd3 b4 18.e5 Nh5 19.Qg4 bxc3 20.Qxh5 g6 21.exd6 Bxd6 22.Qg5 Be7
23.Qe5 Qxe5 24.Bxe5 cxb2 25.Bxb2 Ra2 26.Rb1 Bd6 27.Bf6 Bxf4 28.Kg1 Be3+ 29.Kf1 Kf8  1/2-1/2

[Event "Rostov op"]
[Site "Rostov"]
[Date "1993.??.??"]
[Round "?"]
[White "Lukin, Andrei M"]
[Black "Poluljahov, Aleksandr"]
[Result "1/2-1/2"]
[WhiteElo "2445"]
[BlackElo "2515"]

1.e4 c5 2.Nf3 e6 3.d4 cxd4 4.Nxd4 Nc6 5.Nc3 a6 6.Be2 Qc7 7.f4 d6 8.Be3 Nf6
9.Qd2 Na5 10.g4 Nc4 11.Bxc4 Qxc4 12.g5 Nd7 13.O-O-O b5 14.Kb1 Qc7 15.Rhe1 Bb7
16.Bf2 Nb6 17.b3 b4 18.Ndb5 axb5 19.Nxb5 Qc6 20.Nxd6+ Bxd6 21.Qxd6 Qxd6 22.Rxd6 Nc8
23.Rd4 h6 24.Rxb4 Bc6 25.Rc4 Kd7 26.Rd1+ Kc7 27.Bd4 hxg5 28.fxg5 Kb7 29.Bxg7 Rxh2
30.Rb4+ Ka6 31.Rc4 Kb7 32.Rb4+ Ka6 33.Rc4  1/2-1/2

[Event "Rostov op"]
[Site "Rostov"]
[Date "1993.??.??"]
[Round "?"]
[White "Dvoirys, Semen I"]
[Black "Tregubov, Pavel V"]
[Result "1-0"]
[WhiteElo "2565"]
[BlackElo "2445"]

1.e4 c5 2.Nf3 e6 3.d4 cxd4 4.Nxd4 Nc6 5.Nc3 Qc7 6.f4 a6 7.Nf3 Bc5 8.Bd3 b5
9.Qe2 Nd4 10.Nxd4 Bxd4 11.Nd1 Nf6 12.c3 Bc5 13.e5 Nd5 14.Nf2 Bb7 15.Ne4 O-O
16.Nxc5 Qxc5 17.Bd2 Rac8 18.Qf2 Qxf2+ 19.Kxf2 f6 20.exf6 Rxf6 21.Kg3 Nb6
22.b3 d6 23.Rac1 Nd7 24.Rhe1 e5 25.fxe5 Nxe5 26.Bb1 Rcf8 27.Be3 Nf3 28.Re2 Re8
29.Rf1 Nd4 30.Bxd4 Rxe2 31.Bxf6 Rxg2+ 32.Kh3 gxf6 33.Rxf6 Rd2 34.Rh6 Rb2
35.Bf5 Rxa2 36.Rxd6 Re2 37.b4 Re3+ 38.Kg4 Rxc3 39.Kg5 Rc7 40.h4 Kg7 41.h5 Re7
42.h6+ Kf7 43.Bxh7 Be4 44.Rf6+  1-0

[Event "Rostov op"]
[Site "Rostov"]
[Date "1993.??.??"]
[Round "?"]
[White "Stripunsky, Alexander"]
[Black "Kharlov, Andrei"]
[Result "1/2-1/2"]
[WhiteElo "2470"]
[BlackElo "2570"]

1.e4 c5 2.Nf3 Nc6 3.Nc3 e6 4.d4 cxd4 5.Nxd4 Nf6 6.Ndb5 d6 7.Bf4 e5 8.Bg5 a6
9.Na3 b5 10.Nd5 Be7 11.Bxf6 Bxf6 12.c3 O-O 13.Nc2 Nb8 14.Nxf6+ Qxf6 15.g3 Bb7
16.Bg2 Nd7 17.O-O Nc5 18.Qe2 Rad8 19.Rad1 Qe6 20.Nb4 Qc4 21.Qe1 g6 22.b3 Qe6
23.Qe3 Qg4 24.Nd5 Kg7 25.f4 exf4 26.Qd4+ f6 27.Nxf4 Rde8 28.Qxd6 Nxe4 29.Qb6 Rf7
30.Rd8 Rxd8 31.Ne6+ Qxe6 32.Qxe6 Rd6 33.Qe8 Nxc3 34.Bxb7 Rxb7 35.Re1 Rdd7
36.Qc8 Rdc7 37.Qa8 Ra7 38.Qf3 b4 39.Qf2 Rf7 40.Re6 Rad7 41.Rxa6 Rd1+ 42.Kg2 Ne4
43.Qe3 Rd2+ 44.Kf1 f5 45.Ra7 Rxa7 46.Qxa7+ Kh6 47.a4 Rd3 48.a5 Rxb3 49.Qb8 Rb1+
50.Ke2 b3 51.a6  1/2-1/2

[Event "Rostov op"]
[Site "Rostov"]
[Date "1993.??.??"]
[Round "?"]
[White "Tseshkovsky, Vitaly"]
[Black "Brodsky, Michail"]
[Result "1-0"]
[WhiteElo "2540"]
[BlackElo "2520"]

1.e4 c5 2.Nf3 e6 3.d4 cxd4 4.Nxd4 Nc6 5.Nc3 Qc7 6.Be3 a6 7.Bd3 Nf6 8.O-O Be7
9.Kh1 O-O 10.f4 d6 11.Qf3 Bd7 12.a4 Nxd4 13.Bxd4 Bc6 14.Qg3 b6 15.e5 dxe5
16.Bxe5 Qb7 17.f5 exf5 18.Rxf5 Ne8 19.Qh3 Bd6 20.Bxd6 Nxd6 21.Rd5 Rfd8 22.Qxh7+ Kf8
23.Re1 f5 24.Bc4  1-0

[Event "Sala op"]
[Site "Sala"]
[Date "1993.??.??"]
[Round "6"]
[White "Berzinsh, Roland"]
[Black "Zagorskis, Darius"]
[Result "1/2-1/2"]
[WhiteElo "2395"]
[BlackElo "2435"]

1.e4 c5 2.Nc3 Nc6 3.Nge2 e6 4.d4 cxd4 5.Nxd4 Qc7 6.Be3 a6 7.Bd3 Nf6 8.O-O Bd6
9.Nxc6 bxc6 10.f4 e5 11.f5 Be7 12.Qf3  1/2-1/2

[Event "Sala op"]
[Site "Sala"]
[Date "1993.??.??"]
[Round "7"]
[White "Sale, Srdjan"]
[Black "Veselsky, Jozef"]
[Result "1-0"]
[WhiteElo "2390"]
[BlackElo "2270"]

1.e4 c5 2.Nc3 e6 3.Nf3 Nc6 4.d4 cxd4 5.Nxd4 Nf6 6.Ndb5 d6 7.Bf4 e5 8.Bg5 Be7
9.Bxf6 gxf6 10.Nd5 O-O 11.Bd3 Be6 12.Nbc3 Kh8 13.O-O Rg8 14.Kh1 Rc8 15.Qd2 Qf8
16.a4 a5 17.Nb6 Rb8 18.Ncd5 Bd8 19.f4 Qh6 20.Qf2 Nd4 21.f5 Bxd5 22.Nxd5 Rc8
23.Ra3 Rg5 24.h3 Rc5 25.Ne3 Rc8 26.c3 Nc6 27.Rb3 Rb8 28.Bb5 Ne7 29.Bc4 Rg7
30.Bd5 b6 31.Rb5 Bc7 32.Qe2 Rbg8 33.Rf3 Qh4 34.Qf2 Qxf2 35.Rxf2 Nc8 36.Ng4 Bd8
37.Nh6 Rf8 38.Rb3 Ne7 39.c4 Ng8 40.Ng4 h5 41.Nh2 Bc7 42.g4 Rh7 43.Rg2 Bd8
44.Kg1 Nh6 45.gxh5 Ng8 46.Rbg3 Ne7 47.h6 Nxd5 48.cxd5 Rxh6 49.Ng4 Rh4 50.Rc2 b5
51.axb5 Bb6+ 52.Kg2 Bc5 53.Nxf6 Rb8 54.b6 Rh6 55.Ng4 Rh7 56.Rb3 Rg7 57.f6 Rgg8
58.b7 Rgd8 59.Nxe5 dxe5 60.Rxc5 Kh7 61.Rxa5 Rd7 62.Rab5 Kg6 63.Rb6 Rc7 64.Kf3 Rd7
65.Kg4 Rc7 66.h4 Rc4 67.h5+ Kh6 68.Kf5  1-0

[Event "Salta"]
[Site "Salta"]
[Date "1993.??.??"]
[Round "7"]
[White "Bass, Alfredo"]
[Black "Rodriguez, Alberto2"]
[Result "1/2-1/2"]
[WhiteElo "2280"]
[BlackElo "2315"]

1.e4 c5 2.Nf3 e6 3.d4 cxd4 4.Nxd4 Nc6 5.Nc3 Qc7 6.Be2 a6 7.O-O Nf6 8.Bg5 Be7
9.Nxc6 bxc6 10.Bd3 e5 11.Qf3 a5 12.Nd1 d6 13.Ne3 h6 14.Bxf6 Bxf6 15.Rfd1 a4
16.Bc4 O-O 17.Nf5 Bxf5 18.Qxf5 Rfd8 19.Rd3 Rab8 20.Rg3 Kf8 21.b3 d5 22.Bd3 a3
23.Rf1 Rb4 24.c3 Rbb8 25.Bb1 Rd6 26.Rd3 Rbd8 27.Rfd1 Qe7 28.Qf3 Qe6 29.Qe3 Be7
30.Qc1 dxe4 31.Rxd6 Bxd6 32.Bxe4 Rc8 33.Qc2 g6 34.Qd2 Bc5 35.Qxh6+ Kg8 36.Qd2 Bb6
37.Qe2 f5 38.Bd3 Kg7 39.Bc4 Qe7 40.b4 e4 41.g3 Rf8 42.Kg2 f4 43.Qg4 f3+ 44.Kf1 Rf5
45.Re1 e3 46.fxe3 f2 47.Re2 Qf6 48.Bd3 Rd5 49.Rxf2 Qd6 50.Bc4 Bxe3 51.Bxd5 Bxf2
52.Kxf2 cxd5 53.Qd4+ Kh7 54.b5 Qf8+ 55.Kg2 Qe8 56.Qxd5 Qe2+ 57.Kh3 Qf1+ 58.Kh4 Qe2
59.h3 Qe7+ 60.Kg4 Qe2+ 61.Kh4 Kh6 62.Qg5+ Kh7 63.Qd5 Qe7+ 64.Kg4 Qe2+ 65.Kh4 Qe7+  1/2-1/2

[Event "San Isidoro op"]
[Site "San Isidoro"]
[Date "1993.??.??"]
[Round "3"]
[White "Garbarino, Rodolfo"]
[Black "Burijovich, Liliana"]
[Result "1/2-1/2"]
[WhiteElo "2405"]
[BlackElo "2205"]

1.e4 c5 2.Nf3 e6 3.Nc3 Nc6 4.d4 cxd4 5.Nxd4 a6 6.g3 d6 7.Bg2 Bd7 8.O-O Rc8
9.Nce2 Nf6 10.b3 Be7 11.Bb2 O-O 12.a4 e5 13.Nf5 Bxf5 14.exf5 d5 15.h3 Qd7
16.f4 exf4 17.Nxf4 Rfd8 18.Nh5 d4 19.Kh2 Nb4 20.Rc1 Na2 21.Ra1 Nb4 22.Rc1  1/2-1/2

[Event "San Isidoro op"]
[Site "San Isidoro"]
[Date "1993.??.??"]
[Round "4"]
[White "Bronstein, Luis"]
[Black "Paglilla, Carlos"]
[Result "0-1"]
[WhiteElo "2425"]
[BlackElo "2325"]

1.e4 c5 2.Nf3 e6 3.d4 cxd4 4.Nxd4 Nc6 5.Nc3 Qc7 6.Be2 Nf6 7.O-O a6 8.Be3 Bb4
9.Nxc6 bxc6 10.Na4 O-O 11.f4 Rb8 12.Bd3 Be7 13.c4 d6 14.e5 dxe5 15.fxe5 Qxe5
16.Bf4 Qd4+ 17.Kh1 e5 18.Bxh7+ Kxh7 19.Qxd4 exd4 20.Bxb8 Ne4 21.Ba7 c5 22.b4 cxb4
23.Bxd4 Be6 24.Nb6 Nd2 25.Rfe1 Rd8 26.Bb2 Bh4 27.g3 Bg5 28.h4 Bh6 29.c5 Bg4
30.Be5 Nf3 31.Bd6 Nxe1 32.Rxe1 Bd2 33.Re7 Be6 34.Rxe6 fxe6 35.Nc4 Bc3 36.c6 Rc8
37.c7 Bd4 38.Kg2 a5 39.Kf3 Bc5 40.Be5 a4 41.Ke4 b3 42.axb3 a3 43.b4 Bxb4
44.Nb6 Rxc7 45.Bxc7 Bc3 46.Na4 a2 47.Nxc3 a1=Q 48.Be5 Qe1+ 49.Kf4 Kg6  0-1

[Event "San Isidoro op"]
[Site "San Isidoro"]
[Date "1993.??.??"]
[Round "7"]
[White "Bronstein, Luis"]
[Black "Garcia, Raimundo"]
[Result "1/2-1/2"]
[WhiteElo "2425"]
[BlackElo "2375"]

1.e4 c5 2.Nf3 e6 3.d4 cxd4 4.Nxd4 Nc6 5.Nc3 Qc7 6.Be2 a6 7.O-O Nf6 8.Be3 Bb4
9.Nxc6 bxc6 10.Na4 Bd6 11.f4 Nxe4 12.Qd4 Nf6 13.c4 O-O 14.c5 Be7 15.Nb6 Rb8
16.Rad1 Nd5  1/2-1/2

[Event "ARG-chJ"]
[Site "San Jorge"]
[Date "1993.??.??"]
[Round "7"]
[White "Langier, Daniel"]
[Black "Pierrot, Facundo"]
[Result "1-0"]
[WhiteElo "2355"]
[BlackElo "2315"]

1.e4 c5 2.Nf3 Nc6 3.Nc3 e6 4.d4 cxd4 5.Nxd4 Nf6 6.Nxc6 bxc6 7.e5 Nd5 8.Ne4 Qc7
9.f4 Qa5+ 10.c3 Be7 11.Bd3 Qb6 12.Qe2 O-O 13.c4 f5 14.cxd5 fxe4 15.Qxe4 Qb4+
16.Qxb4 Bxb4+ 17.Ke2 exd5 18.Be3 a5 19.g3 Rb8 20.Rhc1 a4 21.Rab1 Re8 22.Kf2 Rf8
23.h4 Bb7 24.b3 Ra8 25.bxa4 Rxa4 26.Bc2  1-0

[Event "San Sebastian op"]
[Site "San Sebastian"]
[Date "1993.??.??"]
[Round "?"]
[White "De la Villa Garcia, Jesus Maria"]
[Black "Franco Ocampo, Zenon"]
[Result "1-0"]
[WhiteElo "2440"]
[BlackElo "2505"]

1.e4 c5 2.Nf3 Nc6 3.d4 cxd4 4.Nxd4 e6 5.Nc3 Qc7 6.Be2 Nf6 7.O-O a6 8.Be3 Be7
9.f4 d6 10.Bf3 O-O 11.a4 e5 12.Nde2 Re8 13.Kh1 Bf8 14.Ng3 exf4 15.Bxf4 Be6
16.Nf5 Ne5 17.Bg5 Nfd7 18.Ne3 Rac8 19.Be2 Ng6 20.Bd3 Nde5 21.Ned5 Qb8 22.a5 h6
23.Be3 Nc4 24.Bc1 Rc5 25.Qe2 Nge5 26.b3 Rxa5 27.Bxh6 Rxa1 28.Rxa1 Nxd3 29.cxd3 Ne5
30.Be3 Rc8 31.h3 Rc6 32.Bd4 Qc8 33.Rf1 b6 34.Qd2 Qd8 35.Nb4 Rc8 36.Nbd5 a5
37.Bxb6 Qh4 38.Bxa5 Bxh3 39.gxh3 Qxh3+ 40.Kg1 Nf3+ 41.Rxf3 Qxf3 42.Qg2 Qxg2+
43.Kxg2 Rb8 44.b4 f6 45.Bc7 Rb7 46.Bb6 Kf7 47.Nb5  1-0

[Event "Sevilla op"]
[Site "Sevilla"]
[Date "1993.??.??"]
[Round "1"]
[White "Vega, Alejandro"]
[Black "Pogorelov, Ruslan"]
[Result "0-1"]
[WhiteElo "2220"]
[BlackElo "2400"]

1.e4 c5 2.Nf3 e6 3.d4 cxd4 4.Nxd4 Nc6 5.Nc3 d6 6.Be3 Nf6 7.f3 Be7 8.Qd2 a6
9.O-O-O Nd7 10.g4 O-O 11.h4 Nxd4 12.Bxd4 b5 13.g5 Rb8 14.Bh3 b4 15.Na4 Qa5
16.b3 Nc5 17.Bxc5 dxc5 18.f4 Rd8 19.Qh2 Bd7 20.Rxd7 Rxd7 21.f5 Qc7 22.fxe6 Qxh2
23.exf7+ Kxf7 24.Rxh2 Rd4 25.Rf2+ Ke8 26.Bg2 c4 27.Nb2 c3 28.Nd3 Rb6 29.Rf5 h6
30.gxh6 Rxh6 31.h5 g6 32.hxg6 Rxg6 33.Rf2 Rxe4 34.Kd1 Reg4 35.Bb7 Rg1+ 36.Ke2 Re6+
37.Kf3 Bd6 38.Re2 Rxe2 39.Kxe2 a5 40.Ne1 Bg3 41.Nf3 Ra1 42.Kd3 Rxa2 43.Nd4 Bf2
44.Nb5 Kd7 45.Be4 Ra1 46.Nxc3 bxc3 47.Kxc3 Kd6 48.Kc4 Re1 49.Bd3 Re5 50.Bg6 Rc5+
51.Kd3 Ke5 52.Be8 Bd4 53.Bg6 Rc3+ 54.Kd2 Rg3 55.Bh7 Bc3+ 56.Ke2 Kd4 57.Kf2 Rh3
58.Bg6 Bd2 59.Bf5 Re3 60.Bg6 Kc3  0-1

[Event "Sitges op"]
[Site "Sitges"]
[Date "1993.??.??"]
[Round "7"]
[White "De la Villa Garcia, Jesus Maria"]
[Black "Semkov, Semko"]
[Result "1/2-1/2"]
[WhiteElo "2440"]
[BlackElo "2480"]

1.e4 c5 2.Nf3 e6 3.d4 cxd4 4.Nxd4 Nc6 5.Nc3 Qc7 6.Be2 a6 7.O-O Nf6 8.Be3 Be7
9.f4 d6 10.a4 O-O 11.Kh1 Bd7 12.Nb3 b6 13.Bf3 Rab8 14.Qe2 Na5 15.g4 Bc8 16.g5 Nd7
17.Nd4 Re8 18.Rad1 Bf8 19.h4 Bb7 20.Qg2 Nc6 21.Nb3 Ne7 22.Bg1 Rbc8 23.h5 Nc5
24.f5 Nc6 25.Nxc5 bxc5 26.Bh2 Nd4 27.fxe6 fxe6 28.Bg4 Be7 29.g6 Bf6 30.gxh7+ Kh8
31.h6 Rf8 32.hxg7+ Bxg7 33.Rxf8+ Rxf8 34.Rf1 Qe7 35.Nd1 Bh6 36.c3 Nf5 37.Qe2 Ng7
38.Qd3 e5  1/2-1/2

[Event "SLO-ch"]
[Site "?"]
[Date "1993.??.??"]
[Round "?"]
[White "Mohr, Georg"]
[Black "Osterman, Rudolf"]
[Result "1-0"]
[WhiteElo "2450"]
[BlackElo "2415"]

1.Nf3 c5 2.e4 e6 3.d4 cxd4 4.Nxd4 Nc6 5.Nc3 Qc7 6.Be2 a6 7.O-O Nf6 8.Kh1 Be7
9.f4 d6 10.Nb3 b5 11.Bd3 Bb7 12.Qf3 b4 13.Ne2 O-O 14.Qh3 e5 15.fxe5 Nxe5
16.Ng3 d5 17.Nf5 dxe4 18.Bf4 exd3 19.Rae1 Ne4 20.cxd3 Bf6 21.dxe4 Rad8 22.Qg3 Rfe8
23.Rc1 Qb8 24.Nh6+ Kf8 25.Ng4 Qd6 26.Nxf6 gxf6 27.Bh6+ Ke7 28.Nc5 Bc8 29.h3 Rg8
30.Qh4 Rg6 31.Rc2 Rdg8 32.Bf4 Qd4 33.Nb3 Qxe4 34.Qf2 Qd5 35.Bxe5 fxe5 36.Rd2 Qc6
37.Qxf7+  1-0

[Event "Sochi"]
[Site "Sochi"]
[Date "1993.??.??"]
[Round "?"]
[White "Obukhov, Alexander"]
[Black "Tregubov, Pavel V"]
[Result "0-1"]
[WhiteElo "2490"]
[BlackElo "2475"]

1.e4 c5 2.Nf3 e6 3.d4 cxd4 4.Nxd4 Nc6 5.Nc3 Qc7 6.Be2 a6 7.O-O Nf6 8.Be3 Bb4
9.Na4 O-O 10.Nxc6 bxc6 11.c4 Bd6 12.f4 Nxe4 13.Bd3 Nf6 14.Nb6 Rb8 15.Nxc8 Rfxc8
16.c5 Be7 17.Bxa6 Rd8 18.Qc1 Nd5 19.Bd4 Qa7 20.Bd3 Rb4 21.Bf2 Nxf4 22.a3 Ra4
23.Bc4 Qc7 24.b4 d5 25.Bg3 Bxc5+ 26.Kh1 dxc4 27.Bxf4 Bd6 28.Bxd6 Qxd6 29.Qxc4 Qd3
30.Qxc6 Rxa3 31.h3 h6 32.Rxa3 Qxf1+ 33.Kh2  0-1

[Event "Sochi"]
[Site "Sochi"]
[Date "1993.??.??"]
[Round "?"]
[White "Berelovich, Aleksandar"]
[Black "Brodsky, Michail"]
[Result "1/2-1/2"]
[WhiteElo "2510"]
[BlackElo "2515"]

1.e4 c5 2.Nf3 Nc6 3.d4 cxd4 4.Nxd4 e6 5.Nc3 Qc7 6.Be2 Nf6 7.O-O Be7 8.Be3 O-O
9.f4 d6 10.Qe1 Nxd4 11.Bxd4 e5 12.Be3 exf4 13.Rxf4 Be6 14.Rd1 a6 15.Qg3 Nd7  1/2-1/2

[Event "St Ingbert op"]
[Site "St Ingbert"]
[Date "1993.??.??"]
[Round "3"]
[White "Link, Michael"]
[Black "Wehbe, Ricardo"]
[Result "1-0"]
[WhiteElo "2300"]
[BlackElo "2255"]

1.e4 c5 2.Nf3 e6 3.d4 cxd4 4.Nxd4 Nc6 5.Nc3 a6 6.f4 d6 7.Be3 Nf6 8.Qf3 Qc7
9.Bd3 Be7 10.O-O O-O 11.Kh1 Bd7 12.Qg3 e5 13.fxe5 Nxe5 14.Nf5 Bxf5 15.Rxf5 b5
16.Rxf6 Bxf6 17.Nd5 Qd8 18.Bb6 Bh4 19.Qh3 Qg5 20.g3 Nxd3 21.cxd3 Rac8 22.Be3 Qe5
23.gxh4 f5 24.Qg2 fxe4 25.dxe4 Rc4 26.Rg1 Qxe4 27.Qxe4 Rxe4 28.Bh6 Rf3 29.Rxg7+ Kh8
30.Rd7  1-0

[Event "St Martin op"]
[Site "St Martin"]
[Date "1993.??.??"]
[Round "9"]
[White "Ashley, Maurice"]
[Black "Zapata, Alonso"]
[Result "1/2-1/2"]
[WhiteElo "2365"]
[BlackElo "2580"]

1.e4 c5 2.Nf3 e6 3.d4 cxd4 4.Nxd4 Nc6 5.Nc3 Qc7 6.g3 d6 7.Bg2 Nxd4 8.Qxd4 Bd7
9.O-O Nf6 10.a4 a6 11.Bg5 Be7 12.Qd2 Rc8 13.Rfd1 Bc6 14.Bf4 Rd8 15.Qe2 O-O
16.Rd2 h6 17.Rad1 e5 18.Be3 b5 19.axb5 axb5 20.Nxb5 Bxb5 21.Qxb5 Rb8 22.Qe2 Rxb2
23.c4 Rxd2 24.Rxd2 Rb8 25.h3 Rb3 26.Ra2 Qc6 27.Ra7 Bf8 28.Kh2 Rb4 29.Qf3 Qxc4
30.Bxh6 Nxe4 31.Bxg7 Kxg7 32.Qf5 Nc5  1/2-1/2

[Event "St Petersburg op"]
[Site "St Petersburg"]
[Date "1993.??.??"]
[Round "?"]
[White "Petelin, A."]
[Black "Brodsky, Michail"]
[Result "0-1"]
[WhiteElo "2375"]
[BlackElo "2515"]

1.e4 c5 2.Nf3 Nc6 3.d4 cxd4 4.Nxd4 e6 5.Nc3 Qc7 6.g3 a6 7.Bg2 d6 8.O-O Be7
9.Be3 Nf6 10.f4 Bd7 11.Kh1 Rc8 12.Qe2 b5 13.a3 O-O 14.Rae1 Rfe8 15.Nxc6 Bxc6
16.g4 Qb7 17.Bc1 a5 18.g5 Nd7 19.b4 axb4 20.axb4 d5 21.exd5 exd5 22.Bd2 Bxb4
23.Qxe8+ Rxe8 24.Rxe8+ Nf8 25.Nxd5 Bd6 26.Ne3 Qd7 27.Rxf8+ Bxf8 28.Bc1 Bxg2+
29.Kxg2 Qc6+ 30.Kg3 h6 31.h4 Bc5 32.Ng4 h5 33.Ne5 Qe4 34.Nd3 Qe2 35.Rf3 Qxc2  0-1

[Event "St Petersburg op"]
[Site "St Petersburg"]
[Date "1993.??.??"]
[Round "?"]
[White "Karasev, Vladimir I"]
[Black "Tunik, Gennady"]
[Result "1-0"]
[WhiteElo "2395"]
[BlackElo "2490"]

1.Nf3 c5 2.e4 e6 3.d4 cxd4 4.Nxd4 Nc6 5.Nc3 a6 6.Nxc6 bxc6 7.Bd3 d6 8.O-O Nf6
9.f4 Qc7 10.Qe1 Be7 11.Kh1 O-O 12.b3 Nd7 13.Ba3 Re8 14.e5 dxe5 15.Bxe7 Rxe7
16.Bxh7+ Kf8 17.Qh4 exf4 18.Rxf4 Qe5 19.Bg6 Ke8 20.Re1 Qd6 21.Rd1 Qc7 22.Rxd7 Rxd7
23.Qh8+ Ke7 24.Rxf7+ Kd6 25.Qf8+  1-0

[Event "St Petersburg op"]
[Site "St Petersburg"]
[Date "1993.??.??"]
[Round "?"]
[White "Yemelin, Vasily"]
[Black "Brodsky, Michail"]
[Result "1-0"]
[WhiteElo "2345"]
[BlackElo "2515"]

1.e4 c5 2.Nf3 Nc6 3.d4 cxd4 4.Nxd4 e6 5.Nc3 Qc7 6.Be2 Nf6 7.O-O Be7 8.Be3 O-O
9.f4 d6 10.Kh1 a6 11.a4 Re8 12.Bf3 Rb8 13.Qd2 Bd7 14.Nb3 b6 15.g4 Bc8 16.g5 Nd7
17.Qf2 Bf8 18.Rae1 Bb7 19.Bg2 g6 20.h4 Bg7 21.h5 Ne7 22.Bd4 f6 23.hxg6 hxg6
24.gxf6 Nxf6 25.Bxb6 Qd7 26.Rd1 Ba8 27.a5 Qc6 28.Kg1 Nc8 29.Bd4 e5 30.fxe5 dxe5
31.Bc5 Rb7 32.Nd5 Rf7 33.Rd3 Qe6 34.Bh3 Qc6 35.Bg2 Qb7 36.Rf3 Re6 37.Qh4 Qc6
38.Bh3 g5 39.Bxe6 Qxe6 40.Nxf6+ Rxf6 41.Rxf6 Bxf6 42.Qh5 Bxe4 43.Nd2 Bxc2
44.Nf3 Qc6 45.b4 Ne7 46.Nxe5 Qe6 47.Rxf6 Qxf6 48.Qe8+ Qf8 49.Qxe7 Qf4 50.Qe6+ Kg7
51.Qd7+ Kg8 52.Qd5+ Kg7 53.Nf3  1-0

[Event "St Petersburg zt"]
[Site "St Petersburg"]
[Date "1993.??.??"]
[Round "2"]
[White "Ulibin, Mikhail"]
[Black "Tregubov, Pavel V"]
[Result "1/2-1/2"]
[WhiteElo "2565"]
[BlackElo "2445"]

1.e4 c5 2.Nf3 e6 3.d4 cxd4 4.Nxd4 Nc6 5.Nc3 Qc7 6.f4 a6 7.Nf3 Bc5 8.Bd3 b5
9.Qe2 Nd4 10.Nxd4 Bxd4 11.Bd2 Bb7 12.e5 f5 13.Nd1 Qc6 14.Be3 Qxg2 15.Qxg2 Bxg2
16.Rg1 Bxe3 17.Nxe3 Bc6 18.Rxg7 Ne7 19.Rg1 Ng6 20.Rf1 Ke7 21.O-O-O Rhd8 22.c3  1/2-1/2

[Event "St Petersburg zt"]
[Site "St Petersburg"]
[Date "1993.??.??"]
[Round "5"]
[White "Dvoirys, Semen I"]
[Black "Sokolov, Andrei"]
[Result "1/2-1/2"]
[WhiteElo "2565"]
[BlackElo "2555"]

1.e4 c5 2.Nf3 Nc6 3.d4 cxd4 4.Nxd4 e6 5.Nc3 d6 6.f4 Nf6 7.Nf3 a6 8.Bd3 b5
9.O-O Nb4 10.e5 Nxd3 11.Qxd3 Nd7 12.Be3 Qc7 13.Rad1 dxe5 14.fxe5 Bb7 15.Ne4 Bd5
16.Nd6+ Bxd6 17.exd6 Qxd6 18.Ng5 Ne5 19.Qd4 Rc8 20.Bf4 Rxc2 21.Rf2 Rxf2 22.Kxf2 f6
23.Nxe6 Qxe6 24.Bxe5 fxe5 25.Qxd5 Rf8+ 26.Ke1 Kf7 27.Qd7+ Qxd7 28.Rxd7+ Kg6
29.Re7 Rc8 30.Rxe5 Kf6  1/2-1/2

[Event "St Petersburg zt"]
[Site "St Petersburg"]
[Date "1993.??.??"]
[Round "5"]
[White "Yakovich, Yuri"]
[Black "Balashov, Yuri S"]
[Result "1-0"]
[WhiteElo "2510"]
[BlackElo "2545"]

1.e4 c5 2.Nf3 Nc6 3.d4 cxd4 4.Nxd4 e6 5.Nc3 d6 6.Be3 Nf6 7.Bc4 Be7 8.Bb3 a6
9.f4 O-O 10.Qf3 Qa5 11.O-O-O Nxd4 12.Rxd4 Bd7 13.g4 e5 14.Nd5 exd4 15.Nxe7+ Kh8
16.Bxd4 Qd8 17.g5 Ne8 18.Nd5 Be6 19.Qh5 Rc8 20.f5 Bxd5 21.g6  1-0